| 000 | 00454nab a2200145Ia 4500 | ||
|---|---|---|---|
| 003 | ES-SlBCS | ||
| 005 | 20210601133735.0 | ||
| 008 | 140529s2000 xxu||||| |||| 00| 0 por d | ||
| 041 | _apor | ||
| 100 | 1 |
_aSilva, Jefferson Ildefonso da _9209020 |
|
| 245 | 0 | 0 |
_aAs raízes epistemológicas do mito _c Jefferson Ildefonso da Silva |
| 650 | 0 | 4 |
_aMito _989307 |
| 773 | 0 |
_tEducaçao e Filosofia _gvol. 14, nº. 27-28, 2000, págs. 145-158 _wRev1534 |
|
| 942 | _cAR | ||
| 999 |
_c601363 _d601363 |
||